Xử lý nội bộ

Tallennettuna:
Bibliografiset tiedot
Päätekijä: Trần Quốc Khải
Aineistotyyppi: Kirja
Kieli:Undetermined
Julkaistu: H. Văn Học 2002
Aiheet:
Tagit: Lisää tagi
Ei tageja, Lisää ensimmäinen tagi!
Thư viện lưu trữ: Trung tâm Học liệu Trường Đại học Cần Thơ
LEADER 00490nam a2200181Ia 4500
001 CTU_54164
008 210402s9999 xx 000 0 und d
020 |b 10000 
082 |a 895.922301 
082 |b Kh103 
100 |a Trần Quốc Khải 
245 0 |a Xử lý nội bộ 
245 0 |c Trần Quốc Khải 
260 |a H. 
260 |b Văn Học 
260 |c 2002 
650 |a short stories, vitenamese 
980 |a Trung tâm Học liệu Trường Đại học Cần Thơ